Taylor Swift - Guess by first verse [evermore] - Statistics

General Stats
  • This quiz has been taken 28 times
  • The average score is 16 of 17
Answer Stats
Hint Answer % Correct
You booked the night train for a reason champagne problems
100%
How′s one to know ivy
100%
Gray November evermore
100%
Never be so kind marjorie
100%
He did it no body, no crime
100%
Friends break up, friends get married right where you left me
100%
I′m like the water when your ship rolled in that night willow
100%
And the tennis court was covered up cowboy like me
96%
Hey, ********, do you ever stop and think about me? dorothea
96%
Gleaming, twinkling gold rush
96%
If I wanted to know who you were hanging with ‘tis the damn season
96%
I sit and watch you reading with your head low tolerate it
96%
Break my soul in two looking for you coney island
92%
Honey, when I′m above the trees happiness
88%
Fatefully long story short
88%
It′s been a long time closure
79%
When the dinner is cold and the chatter gets old it’s time to go
79%
No matching quizzes found
Score Distribution
Percent of People with Each Score
Percentile by Number Answered
Your Score History
You have not taken this quiz